00874 a2200205 45000010006000000050017000060080041000230030015000640400040000790800033001192450049001520200018002012640047002193000019002665050241002850410008005261000016005347000019005508560099005694747120260407155741.0260407a1975 arg spa dAR-UNSa-BCEJYS aAR-UNSa-BCEJYSbspacAR-UNSa-BCEJYS a330.101.541xMacroeconomía10aAplicación de la teoría macroeconómica a84-323-0167-1 1aMéxico :bSiglo Veintiuno editoresc1975 a204 p.c21 cm. a1. Análisis input-output - 2. Ampliación del análisis input-output - 3. Correlación y regresión - 4. Funciones de producción y optimización - 5. Planes nacionales - 6. Elaboración de planes nacionales por programación. aspa1 aBueno, Juan1 aRobinson, J.N.41uhttps://www.biblioeco.unsa.edu.ar/pmb/images/libros/L127511.jpgyImagen de portadaqimage/jpeg